00000000nas##2200000za#4500
0019.505197
003CaOODSP
00520211126112842
007cr |||||||||||
008150406c2000||||xxc|| p o||||f|   |0eng|d
040 |aCaOODSP|beng
043 |an-cn---
0861 |aFB12-6E-PDF
1102 |aBank of Canada.
24510|aMonetary policy report. Update |h[electronic resource]
260 |aOttawa - Ontario : |bBank of Canada
310 |aSemi-annual
3621 |a[2000]--
5203 |aA commentary of the Governing Council of the Bank of Canada. It presents the Bank’s updated outlook based on information received up to the date of issue. It contains detailed summaries of the policies and strategies of the Bank of Canada, plus a look at the current economic climate and its implications for inflation.
69007|aBanks|2gcpds
69007|aFederal institutions|2gcpds
69007|aMonetary policy|2gcpds
77508|tRapport sur la politique monétaire. Mise à jour |w(CaOODSP)9.501596
7760#|tMonetary policy report. Update |w(CaOODSP)9.510858
7760#|tRapport sur la politique monétaire. Mise à jour |w(CaOODSP)9.510859